A guide to better punctuation

Bibliographic Details
Main Author: Burt, Angela
Format: Book
Published: Kuala Lumpur : Golden Books , 1991
Subjects:

MARC

LEADER 00000cam a2200000 7i4500
001 0000003842
002 000004141
005 20090811.0
020 |a 9679959597 
090 0 0 |a 421.1   |b BUR 
100 1 |a Burt, Angela 
245 1 2 |a A guide to better punctuation   |c Angela Burt 
260 |a Kuala Lumpur :   |b Golden Books ,   |c 1991 
300 |a 126p. ;   |c 18cm. 
650 0 0 |a English language   |x Punctuation 
999 |a 037036   |b BUKU   |c PINJAMAN   |e PERPUSTAKAAN KOMUNITI PETALING JAYA